Emerald Guide to Landlord and Tenant Law - Residential and Commercial Property : (Record no. 122306)

MARC details
000 -LEADER
fixed length control field 01752nam a22003253i 4500
001 - CONTROL NUMBER
control field BDZ0057620676
003 - CONTROL NUMBER IDENTIFIER
control field StDuBDS
005 - DATE AND TIME OF LATEST TRANSACTION
control field 20260310112344.0
007 - PHYSICAL DESCRIPTION FIXED FIELD--GENERAL INFORMATION
fixed length control field cr||||||||||||
008 - FIXED-LENGTH DATA ELEMENTS--GENERAL INFORMATION
fixed length control field 251209s2025 enk go 000|0 eng d
020 ## - INTERNATIONAL STANDARD BOOK NUMBER
International Standard Book Number 9781802364620 :
Terms of availability 6.99
040 ## - CATALOGING SOURCE
Original cataloging agency StDuBDS
Language of cataloging eng
Description conventions rda
Transcribing agency StDuBDS
072 #7 - SUBJECT CATEGORY CODE
Subject category code VSH
Source bicssc
072 #7 - SUBJECT CATEGORY CODE
Subject category code ADR
Source ukslc
072 #7 - SUBJECT CATEGORY CODE
Subject category code VSH
Source thema
100 1# - MAIN ENTRY--PERSONAL NAME
Personal name McQueen, John,
Relator term author.
245 10 - TITLE STATEMENT
Title Emerald Guide to Landlord and Tenant Law - Residential and Commercial Property :
Remainder of title Revised Edition /
Statement of responsibility, etc. John McQueen.
264 #1 - PRODUCTION, PUBLICATION, DISTRIBUTION, MANUFACTURE, AND COPYRIGHT NOTICE
Place of production, publication, distribution, manufacture Derby :
Name of producer, publisher, distributor, manufacturer Straightforward Publishing,
Date of production, publication, distribution, manufacture, or copyright notice 2025.
300 ## - PHYSICAL DESCRIPTION
Extent 1 online resource
336 ## - CONTENT TYPE
Content type term text
Source rdacontent
337 ## - MEDIA TYPE
Media type term unmediated
Source rdamedia
338 ## - CARRIER TYPE
Carrier type term volume
Source rdacarrier
366 ## - TRADE AVAILABILITY INFORMATION
Detailed date of publication 20250525
Availability status code In stock
520 8# - SUMMARY, ETC.
Summary, etc. This latest publication in the Emerald Home Lawyer Series, Landlord and Tenant Law, is a comprehensive guide to all aspects of the law as it affects landlord and tenant. As well as being an invaluable guide for the professional, it will be very useful for landlords who let property and also for tenants. The book is clear and concise and covers the following areas: The law relating to property generally, An outline of different tenure types, Public/private tenants, Freeholders and leaseholders, Letting property, Rent and service charges, Repairing responsibilities, Legal action against landlord or tenant. The impact of the Renters Rights Bill 2024 is also covered.
650 #7 - SUBJECT ADDED ENTRY--TOPICAL TERM
Topical term or geographic name entry element EBOOK
650 #7 - SUBJECT ADDED ENTRY--TOPICAL TERM
Topical term or geographic name entry element LANDLORD AND TENANT
690 ## - LOCAL SUBJECT ADDED ENTRY--TOPICAL TERM (OCLC, RLIN)
Topical term or geographic name as entry element Landlord and tenant
9 (RLIN) 6252
856 40 - ELECTRONIC LOCATION AND ACCESS
Uniform Resource Identifier <a href="https://www.vlebooks.com/product/openreader?id=RICS&accId=9491556&isbn=9781802364620">https://www.vlebooks.com/product/openreader?id=RICS&accId=9491556&isbn=9781802364620</a>
Public note Available via Vlebooks (email [email protected] for access)
942 ## - ADDED ENTRY ELEMENTS (KOHA)
Source of classification or shelving scheme Dewey Decimal Classification
Holdings
Withdrawn status Lost status Damaged status Not for loan Home library Current library Shelving location Date acquired Total Checkouts Full call number Date last seen Price effective from Koha item type
        Virtual Virtual Online 10/03/2026   EBOOK 10/03/2026 10/03/2026 Book